Statistics for Biggest cities in Moldova

Click here to take the quiz!

General Stats

  • This quiz has been taken 57 times
  • The average score is 3 of 5

Answer Stats

InhabitantsCity% Correct
644,204Chisinau
98%
129,500Tiraspol
88%
102,457Balti
77%
91,000Bender
52%
46,000Ribnita
29%

Score Distribution

Percentile by Number Answered

Percent of People with Each Score

Your Score History

You have not taken this quiz